Development and implementation of measurement of dosimetric quantities using latent trace detectors
Salvato in:
| Autore principale: | |
|---|---|
| Altri autori: | |
| Natura: | Manoscritto Libro |
| Lingua: | slovacco inglese |
| Pubblicazione: |
2026
|
| Soggetti: | |
| Accesso online: | http://is.stuba.sk/zp/portal_zp.pl?podrobnosti=178556 |
| Tags: |
Nessun Tag, puoi essere il primo ad aggiungerne!!
|
MARC
| LEADER | 00000ntm a22000003a 4500 | ||
|---|---|---|---|
| 001 | stuzp91461 | ||
| 003 | SK-STU | ||
| 005 | 20260228210258.8 | ||
| 007 | ta | ||
| 008 | 150427s2015----xo-----f-mn---000-0-slo-d | ||
| 040 | |a STU |b slo | ||
| 041 | 0 | |a eng | |
| 100 | 1 | |a Vrtalová, Vendula |u 036000 |k Z8 |4 aut |U FEI Fakulta elektrotechniky a informatiky |T FEI Ústav jadrového a fyzikálneho inžinierstva |X 119279 |U E060 |Y 817 |7 119279 | |
| 242 | 0 | 1 | |a Rozvoj a implementácia merania dozimetrických veličín pomocou detektorov latentných stôp |y slo |
| 245 | 1 | 0 | |a Development and implementation of measurement of dosimetric quantities using latent trace detectors |
| 260 | |c 2026 | ||
| 650 | 4 | |a Neutrónová dozimetria |2 slo | |
| 650 | 4 | |a Detekcia častíc |2 slo | |
| 650 | 4 | |a PADC |2 slo | |
| 650 | 4 | |a SSNTD |2 slo | |
| 650 | 4 | |a Neutron dosimetry |2 eng | |
| 650 | 4 | |a PADC |2 eng | |
| 650 | 4 | |a Particle detection |2 eng | |
| 650 | 4 | |a SSNTD |2 eng | |
| 700 | 1 | |a Vrban, Branislav |u 036000 |k Z1 |4 ths |U FEI Fakulta elektrotechniky a informatiky |T FEI Ústav jadrového a fyzikálneho inžinierstva |X 29008 |U E060 |Y 817 |7 A000029008 | |
| 856 | 4 | |u http://is.stuba.sk/zp/portal_zp.pl?podrobnosti=178556 | |